Загрузка...
Twentieth century library lgeslation in India /
| Другие авторы: | |
|---|---|
| Язык: | Undetermined |
| Опубликовано: |
Udaipur :
Shiva publishers ,
1999.
|
| LEADER | 00481nam a2200145Ia 4500 | ||
|---|---|---|---|
| 001 | 126859 | ||
| 008 | 170722s9999 xx 000 0 und d | ||
| 020 | |a 8186026479 | ||
| 245 | |a Twentieth century library lgeslation in India / | ||
| 260 | |a Udaipur : |b Shiva publishers , |c 1999. | ||
| 300 | |a 220 p. | ||
| 700 | |a Agarwal , Uk |e editor. | ||
| 942 | |c GEN | ||
| 999 | |c 122339 |d 122339 | ||
| 952 | |0 0 |1 0 |4 0 |6 22Z2_N_N9 |7 0 |9 172927 |a LIB |b LIB |d 2017-08-12 |o 22:(Z2).N N9 |p 239524 |r 2017-08-12 |v 450.00 |w 2017-08-12 |y GEN | ||